| 000 | 00557nam a22001937a 4500 | ||
|---|---|---|---|
| 999 |
_c526753 _d526753 |
||
| 003 | NUST | ||
| 005 | 20190716060443.0 | ||
| 008 | 190716b ||||| |||| 00| 0 eng d | ||
| 038 | _aMr. Zahoor | ||
| 082 | _a510 | ||
| 100 |
_aKhan, Riaz Ahmad. _917750 |
||
| 245 |
_aPlanes and axes of symmetry in an elastic material / _c Riaz Ahmad Khan |
||
| 260 |
_aIslambad : _bCAMP - NUST, _c2012. |
||
| 300 |
_avii, 111 p. : _c30cm. |
||
| 500 | _aHard cover. | ||
| 650 |
_aMathematics - Phd Thesis _916989 |
||
| 700 |
_aProf. Faiz Ahmed _916929 |
||
| 942 |
_2ddc _cTHE |
||